Countries with the Lowest Immigrants as final destination - Statistics

General Stats
  • This quiz has been taken 16 times
  • The average score is 16 of 21
Answer Stats
Immigrants % Country % Correct
246 2.6 Tuvalu
93%
3,309 8.8 Marshall Islands
87%
2,548 21.3 Nauru
87%
3,843 1.8 Samoa
87%
1,955 0.8 Sao Tome and Principe
87%
3,581 3.4 Tonga
87%
3,315 1.0 Vanuatu
87%
496 100 Vatican City
87%
12,449 1.4 Comoros
80%
5,212 29.5 Palau
80%
5,838 17.4 San Marino
80%
2,469 0.3 Solomon Islands
80%
8,303 0.6 East Timor
73%
3,302 2.5 Kiribati
73%
2,894 2.6 Micronesia
73%
8,440 12.7 Dominica
67%
7,340 6.3 Grenada
67%
7,958 17.0 Saint Kitts and Nevis
67%
8,079 4.5 Saint Lucia
67%
4,820 4.8 Saint Vincent and the Grenadines
67%
2,144 0.0 Cuba
33%
No matching quizzes found
Score Distribution
Percent of People with Each Score
Percentile by Number Answered
Your Score History
You have not taken this quiz